00425nam a2200133Ia 4500008004100000041000800041082001600049100002000065245005100085260001900136365000700155999001900162952011000181230303s9999 xx 000 0 und d aeng a629.892 CRA aCRAIG (John. J) aIntroduction To Robotics Mechanics And Control aDELHIbPEARSON cRS c196591d196591 00104070aECDbECDd2023-03-07g295.00l0o629.892 CRApECD-BB8982r2023-03-07 00:00:00w2023-03-07yBK